000 00412nam a2200169Ia 4500
003 GCL
008 140319s9999 xx 000 0 eng d
040 _aGCL /
_cGCL
082 0 4 _aCH
_b895.1
_bK Z
100 1 _aKAISELSHA
245 1 0 _aZOUZOU /
_cKAISELSHA
260 _a[S.N] :
_bKAISELSHA ،
_c1997
650 0 4 _aLITERATURE
650 0 4 _aLITERATURE - CHINA
650 0 4 _aFICTION - CHINESE
942 _2ddc
_cBK
999 _c15126
_d15126